000 00358nam a22001097a 4500
999 _c15112
_d15112
008 200304b ||||| |||| 00| 0 eng d
245 _aBSP keeps cautious monetary policy stance despite easing inflation.
260 _aPhilippines;
_bPhilippine Daily Inquirer,
_c©2019.
300 _apage B2;
_c29.5cm.
650 _aMonetary Policy.
_941845
942 _2ddc
_cPER